00849cam a2200265 a 450000100100000000500170001000800410002702000150006804000290008308200250011210000340013724500380017125000110020926000370022030000280025749000210028565000260030665000300033283000280036291000340039091000070042404900090043195201280044099900150056800000886020200929161427.0750114s1991 sp a 000 f spa d a8432202649 aDO-SdBNPbspacLCdBNPHU aM863.44bF954c, 19911 aFuentes, Carlos,d1928-9977410aCambio de piel /cCarlos Fuentes. a5a ed. aBarcelona :bSeix Barral,c1991. a502 p. :bil. ;c20 cm.1 aBiblioteca breve 4aNovela mexicana93959 4aLiteratura mexicana91922 0aBiblioteca breve913442 aCatalogación por copia / LC aWM aBNGR 001052708MOaGRbGRcHDd2009-09-19iLF1l0oM863.44 F954c, 1991p8860-10r2020-06-25w2020-06-25y2ZPréstamo interno c8629d8629